000 00313nam a22001457a 4500
008 230529b ||||| |||| 00| 0 eng d
020 _a9782070314317
041 _aeng
080 _a82
082 _a82GER
100 _a38
101 _aGJL
245 _aCHANSON DES MAL-AIMANTS
_cGERMAIN.S
942 _2udc
_cBK
999 _c59860
_d59860